| 000 | 00978nam a2200289 i 4500 | ||
|---|---|---|---|
| 001 | 000032948 | ||
| 003 | DO-SdBNP | ||
| 005 | 20260217133015.0 | ||
| 007 | ta | ||
| 008 | 110804s1969 dr abc 000 0 spa d | ||
| 040 |
_aDO-SdBNP _bspa _cBNPHU _erda |
||
| 041 | _aspa | ||
| 082 | 4 |
_a972.93 _bG491h 1969 _222 |
|
| 100 | 1 |
_aGimbernard Pellerano, Jacinto _938007 _d1931-2017 _4aut. _eautor |
|
| 245 | 1 | 0 |
_aHistoria de Santo Domingo / _cJacinto Gimbernard Pellerano. |
| 250 | _aSegunda edición | ||
| 264 |
_aSanto Domingo : _bLibrería Dominicana, _c1969. |
||
| 300 |
_aix, 582 páginas : _bilustraciones, mapa, retratos ; _c22 cm. |
||
| 336 |
_atexto _btxt _2rdacontent |
||
| 337 |
_asin mediación _bn _2rdamedia |
||
| 338 |
_avolumen _bnc _2rdacarrier |
||
| 590 | _aInventariado, 2018/MFF | ||
| 651 | 0 |
_aRepública Dominicana _xHistoria _978065 |
|
| 651 | 4 |
_a Santo Domingo (República Dominicana) _985361 |
|
| 910 | _aValidado. Control de calidad MFF | ||
| 942 |
_2ddc _cLBS1 |
||
| 999 |
_c32439 _d32439 |
||